000 01028nam0a22003011 4500
001 RU\INFOCOMM_322\NLR\5000102410
005 20250613110020.0
035 _a(NLR Aleph) 009542651
090 _a8956374
_c8956374
100 _a20121212d1976 |||y0rusy50 ca
101 1 _aeng
_crus
102 _aRU
105 _ay z |||||
200 1 _aMankind and the year 2000
_e[Transl. from the Russ. ...]
_fV. Kosolapov
210 _aM.
_c"Progress"
_d1976
215 _a238 с.
_d21 см
225 1 _aCurrent problems
300 _aНа обороте тит. л.: В. Косолапов. Человечество на рубеже XXI века
606 0 _aНаучно-техническая революция
_91187542
_3RU\NLR\AUTH\66478786
620 _aМосква
686 _aС556.10
_2rubbk
700 1 _9z01790
_aKosolapov
_bV. V.
_gViktor Vasil'evič
790 1 _9z01700
_aKosolapov
_bV.
_4070
801 1 _aRU
_bNLR
_c20121212
801 0 _aRU
_bINFOCOMM
_gPSBO
852 _aNLR
_jД01 Д-3/339
942 _cBOOK
980 _aNB